000 00657nam a22002417a 4500
001 0074
003 DO-SdBNP
005 20171212113539.0
007 0074
008 151014b sp 1992 xxu||||| |||| 00| 0 spa d
020 _a9788427244757
040 _aBPMSU
_bspa
_cBPMSU
092 _axxxxxxx
_bxxxxxxx
100 1 4 _4Martin, Les
245 _aLas aventuras del joven indiana jones :
_bpasaje hacia la gloria /
_cLes Martin
260 _aBarcelona, España :
_bMolino,
_c1992
300 _a132 p. :
_bil.,
_c18 cm.
490 1 0 _aTV
_v5
830 0 0 _aTV
_n5
942 _2ddc
_cBK
945 _aInventariado extranjero 2017 / YL
956 _aBrenda Tavárez
999 _c8381
_d8381